|
|
|
|
| LEADER |
00000nam a22000007a 4500 |
| 005 |
20160224105012.0 |
| 007 |
cr|||| ||u| |
| 008 |
160224s2015 bl ||||| |||| 00||0 por d |
| 020 |
|
|
|a 978-85-361-8650-4
|
| 035 |
|
|
|a 13105
|
| 040 |
|
|
|a vLex
|
| 090 |
|
|
|c 5918
|d 5918
|
| 100 |
1 |
|
|a Godinho Delgado, Mauricio
|
| 245 |
1 |
0 |
|a Capitalismo, Trabalho e Emprego. Entre o Paradigma da Destruiȯ̂ e os Caminhos de Reconstruȯ̂
|h [Recurso electrn̤ico] /
|c Mauricio Godinho Delgado
|
| 256 |
|
|
|a Servicio en ln̕ea
|
| 260 |
|
|
|a Brasil
|b LTR
|c 2015
|
| 300 |
|
|
|a 1 recurso electrn̤ico (2® ediȯ̂ 144 pg̀s)
|
| 506 |
1 |
|
|a Contenido solo disponible en los producots indicados
|d vLex Global
|d vLex Global (Academic Edition, excluding Law Schools)
|d vLex Global (U.S. Academic Edition, Law Schools)
|d vLex Global (U.S. Academic Edition, excluding Law Schools)
|d vLex Global (Academic Edition, Law Schools)
|
| 650 |
0 |
|
|a Capitalismo
|z Brasil
|
| 740 |
0 |
|
|a vLex libros (servicio en ln̕ea)
|
| 856 |
4 |
0 |
|u http://vlex.com/source/capitalismo-trabalho-emprego-13105
|z Acceso restringido
|
| 942 |
|
|
|c BOOK
|
| 999 |
0 |
|
|a Capitalism
|